Normal view
MARC view
- Pettijohn, F. J.
Entry Personal Name
001 - CONTROL NUMBER
- control field: 25533
003 - CONTROL NUMBER IDENTIFIER
- control field: NUST
005 - DATE AND TIME OF LATEST TRANSACTION
- control field: 20191112113035.0
008 - FIXED-LENGTH DATA ELEMENTS
- fixed length control field: 191112|| aca||aabn | a|a d
040 ## - CATALOGING SOURCE
- Original cataloging agency: NUST
- Transcribing agency: NUST
100 ## - HEADING--PERSONAL NAME
- Personal name: Pettijohn, F. J.
670 ## - SOURCE DATA FOUND
- Source citation: Work cat.: (NUST): Pettijohn, F. J., Sedimentary rocks, [1975]
